000 005150000a22001690004500
090 _aAR
_b01905
245 1 0 _aSize polymorphism and heteroplasmy in the mitochondrial DNA of lower vertebrates
650 1 4 _aAnálisis genético
_975159
650 1 4 _aVariación genética
_954911
650 1 4 _aFilogenética
_94310
653 _gAmia
_eAmia calva
653 _gHyla
_eHyla cinerea
041 0 _aInglés
100 1 _aAvise, John C.
_97374
942 _cARTICULO
773 1 _tJournal of Heredity
_3637
_q249-252
_d1986
_g77
999 _c10982
_d10982